000
00293nam a2200109Ia 4500
008
200302s9999 xx 000 0 und d
100
_a
Birgit Schmolke
245
_a
Construction and Design Manual Theatres and Concert Halls
260
_b
Dom Publishing Co.,
260
_c
2011
300
_a
303 P.,
999
_c
3164
_d
3164